Eastern Utah Libraries Catalog: Duchesne, Heber, Roosevelt, & Vernal

The Rule of Thoughts (Record no. 110997)

MARC details
000 -LEADER
fixed length control field 00766nim a22002775 4500
001 - CONTROL NUMBER
control field BK0014137226
005 - DATE AND TIME OF LATEST TRANSACTION
control field 20241220141001.0
008 - FIXED-LENGTH DATA ELEMENTS--GENERAL INFORMATION
fixed length control field 140603 eng
020 ## - INTERNATIONAL STANDARD BOOK NUMBER
International Standard Book Number 9780804122504 : CMD
Terms of availability $50.00
020 ## - INTERNATIONAL STANDARD BOOK NUMBER
International Standard Book Number 0804122504 : CMD
Terms of availability $50.00
037 ## - SOURCE OF ACQUISITION
Source of stock number/acquisition Listening Library, C/O Random House 400 Hahn rd, Westminster, MD, USA, 21157
Note SAN 201-3975
040 ## - CATALOGING SOURCE
Description conventions rda
050 ## - LIBRARY OF CONGRESS CALL NUMBER
Classification number PZ
082 ## - DEWEY DECIMAL CLASSIFICATION NUMBER
Classification number FIC
092 ## - LOCALLY ASSIGNED DEWEY CALL NUMBER (OCLC)
Classification number FIC
092 ## - LOCALLY ASSIGNED DEWEY CALL NUMBER (OCLC)
Classification number DASHNER
100 ## - MAIN ENTRY--PERSONAL NAME
Personal name Dashner, James
9 (RLIN) 5695054
245 04 - TITLE STATEMENT
Title The Rule of Thoughts
260 ## - PUBLICATION, DISTRIBUTION, ETC. (IMPRINT)
Name of publisher, distributor, etc Listening Library
Date of publication, distribution, etc 2014
264 ## - Production, Publication, Distribution, Manufacture, and Copyright Notice.
Place of production, publication, distribution, manufacture USA
Name of producer, publisher, distributor, manufacturer Listening Library
Date of production, publication, distribution, manufacture, or copyr 2014
300 ## - PHYSICAL DESCRIPTION
Extent 8 CDs, 10 hours ;
942 ## - ADDED ENTRY ELEMENTS (KOHA)
Koha item type Audiobook on CD
Source of classification or shelving scheme Dewey Decimal Classification
Holdings
Withdrawn status Lost status Source of classification or shelving scheme Materials specified (bound volume or other part) Damaged status Not for loan Collection code Home library Current library Shelving location Date acquired Source of acquisition Cost, normal purchase price Total Checkouts Total Renewals Full call number Barcode Date last seen Date checked out Cost, replacement price Price effective from Koha item type
    Dewey Decimal Classification .CIRCNOTE. 8 discs     Young Adult Audiobooks Wasatch County Library Wasatch County Library Main Floor Teen Area 09/18/2014   50.00 16 6 YA CD Das 34301001193087 12/15/2025 12/08/2025 50.00 03/20/2020 Audiobook on CD
This project was made possible through a grant from the Institute of Museum and Library Service administered by the Utah State Library Division.

Wasatch County Library

  • 465 East 1200 South, Heber City, Utah 84032
  • Phone 435-654-1511 | Fax 435-654-6456

Hours

  • Monday - Friday 9:30 AM - 8:00 PM
  • Saturday 9:30 AM - 1:30 PM
  • Closed Sundays and Holidays